The Oxford book of French verse : xiiith century - xixth century / xiiith century - xixth century /
Descripción Física:
492 pàg. ; 17 cm
Materias:
Fons Joan Junyer i Pascual (1909-1994)
Idioma:
English , French
MARC
| LEADER | 00000nam a22000007a 4500 | ||
|---|---|---|---|
| 001 | 24736 | ||
| 003 | AGDB | ||
| 005 | 20260324181534.0 | ||
| 008 | 251008b -us||||| |||| 00| 0 eng d | ||
| 041 | |a eng |a fre | ||
| 100 | |a Lucas, St. John, |d 1879-1934 |4 comp. |9 72418 | ||
| 245 | |a The Oxford book of French verse : |b xiiith century - xixth century / |c chosen by St. John Lucas | ||
| 260 | |a New York : |b Oxford University Press, American branch , |c [1907] | ||
| 300 | |a 492 pàg. ; |c 17 cm | ||
| 500 | |a Prové del fons Joan Junyer i Pascual (1909-1994) | ||
| 501 | |a Conté notes (pàg. 459-482) | ||
| 501 | |a Conté índex d'escriptors (pàg. 483-484) | ||
| 501 | |a Conté índex de primers versos (pàg. 485-492) | ||
| 650 | |a Fons Joan Junyer i Pascual (1909-1994) |9 72777 | ||
| 710 | |a Oxford University Press |9 72420 |b American branch |e ed. | ||
| 942 | |2 udc |c ARXIU |n 1 | ||
| 952 | |0 0 |1 0 |4 0 |6 F50417 |7 1 |9 98399 |a Arxiu |b Arxiu |d 2025-10-08 |l 0 |o F-504-17 |p 24736 |r 2025-10-08 09:56:12 |w 2025-10-08 |y ARXIU | ||
| 999 | |c 130153 |d 130153 | ||